The sky's the limit (Record no. 68030)

MARC details
000 -LEADER
fixed length control field 00820cam a2200205 4500
001 - CONTROL NUMBER
control field ABS64343
008 - FIXED-LENGTH DATA ELEMENTS--GENERAL INFORMATION
fixed length control field 010820n2001 000 0 eng u
035 ## - SYSTEM CONTROL NUMBER
System control number (Sirsi) u114194
100 ## - MAIN ENTRY--PERSONAL NAME
Personal name Osborne, H
245 #4 - TITLE STATEMENT
Title The sky's the limit
260 ## - PUBLICATION, DISTRIBUTION, ETC.
Date of publication, distribution, etc. 2001
490 ## - SERIES STATEMENT
Series statement Estates Gazette
Volume/sequential designation (0129) 21 July 2001, 104-105(2)
520 ## - SUMMARY, ETC.
Summary, etc. Examines the effect good marketing has on retail property, such as adding value. In the US greater importance is placed on marketing shopping centres while in the UK it is underexploited. However, the Retail Marketing Group aims to change attitudes by raising standards and the status of retail marketing.
590 ## - LOCAL NOTE (RLIN)
Local note ABS
650 ## - SUBJECT ADDED ENTRY--TOPICAL TERM
Topical term or geographic name entry element MARKETING
650 ## - SUBJECT ADDED ENTRY--TOPICAL TERM
Topical term or geographic name entry element SHOPPING CENTRES
650 ## - SUBJECT ADDED ENTRY--TOPICAL TERM
Topical term or geographic name entry element RETAIL POLICY
690 ## - LOCAL SUBJECT ADDED ENTRY--TOPICAL TERM (OCLC, RLIN)
Topical term or geographic name as entry element PROPERTY-COMMERCIAL PROPERTY-RETAIL PROPERTY
942 ## - ADDED ENTRY ELEMENTS (KOHA)
Suppress in OPAC 0
Holdings
Withdrawn status Lost status Source of classification or shelving scheme Damaged status Not for loan Home library Current library Shelving location Date acquired Total Checkouts Full call number Barcode Date last seen Copy number Price effective from Koha item type
    Dewey Decimal Classification     London London Journal article 20/08/2001   ABS64343 114194-1001 06/08/2019 1 06/08/2019 Journal article